NABI ZAKARIA A.S. PENJAGA MARYAM : Prophet Zakariya (pbuh) The Guardian of Maryam

Bibliographic Details
Main Author: Norul Azila Arifin (Author)
Format: Book
Published: Batu Caves, Selangor : PUSTAKA AL-EHSAN [2016?]
Series:Koleksi 25 nabi
Subjects:

MARC

LEADER 00000cam a2200000 7i4500
001 0000122019
005 20170320.0
008 170317t20162016my a j 000 0 bme
020 |a 9789833204144 
040 |a PERPUSTAM   |b eng   |c PERPUSTAM   |e rda 
090 0 0 |a J 297.246   |b NOR 
100 1 |a Norul Azila Arifin ,   |e author 
245 1 0 |a NABI ZAKARIA A.S. PENJAGA MARYAM :   |b Prophet Zakariya (pbuh) The Guardian of Maryam   |c Norul Azila Arifin 
246 0 |a Prophet Zakariya (pbuh) the guardian of Maryam 
264 3 1 |a Batu Caves, Selangor :   |b PUSTAKA AL-EHSAN   |c [2016?] 
300 |a 16 pages :   |b colour illustrations ;   |c 25 cm. 
336 |a text, rdacontent 
337 |a unmediated  |2 rdamedia 
338 |a volume  |2 rdacarrier 
490 1 |a KOLEKSI 25 NABI   |v 22 
650 0 |a Prophets in the Qur'an   |v Juvenile literature 
650 0 |a Prophets, Pre-Islamic   |v Juvenile literature 
830 0 |a Koleksi 25 nabi 
999 |a 0000430641   |b Buku   |c Koleksi Pinjaman Kanak-Kanak   |e Perbadanan Perpustakaan Awam Melaka 
999 |a 0000430642   |b Buku   |c Koleksi Pinjaman Kanak-Kanak   |e Perbadanan Perpustakaan Awam Melaka 
999 |a 0000430643   |b Buku   |c Koleksi Pinjaman Kanak-Kanak   |e Perbadanan Perpustakaan Awam Melaka 
999 |a 0000430644   |b Buku   |c Koleksi Pinjaman Kanak-Kanak   |e Perbadanan Perpustakaan Awam Melaka 
999 |a 0000430645   |b Buku   |c Koleksi Pinjaman Kanak-Kanak   |e Perbadanan Perpustakaan Awam Melaka 
999 |a 0000430646   |b Buku   |c Koleksi Pinjaman Kanak-Kanak   |e Perbadanan Perpustakaan Awam Melaka 
999 |a 0000430647   |b Buku   |c Koleksi Pinjaman Kanak-Kanak   |e Perbadanan Perpustakaan Awam Melaka 
999 |a 0000430648   |b Buku   |c Koleksi Pinjaman Kanak-Kanak   |e Perpustakaan Cawangan Jasin 
999 |a 0000430649   |b Buku   |c Koleksi Pinjaman Kanak-Kanak   |e Perpustakaan Cawangan Masjid Tanah 
999 |a 0000430650   |b Buku   |c Koleksi Pinjaman Kanak-Kanak   |e Perpustakaan Cawangan Merlimau